000
00485nam a2200145Ia 4500
008
151213s9999 xx 000 0 und d
100
_a
মকবুল হোসেন।
245
_a
গণিত বিশ্লেষণ।
_c
মকবুল হোসেন।
260
_a
ঢাকা
_b
গোলাম মঈন উদ্দীন।
_c
1990
300
_a
8641 p.
650
_a
Bangla
650
_a
গণিত।
700
_a
মকবুল হোসেন।
999
_c
4428
_d
4428